000 00575nam a2200229Ia 4500
003 OSt
005 20220918205300.0
006 a|||||r|||| 00| 0
007 ta
008 220917b |||||||| |||| 00| 0 eng d
024 _a115,971
037 _cTextual
040 _aARTS
_cARTS
_beng
041 _2eng
_aeng
082 _aV591:1:K, F0
100 _aHubbard G E
_9105770
245 0 _aDay of the crescent
_b Glimpses of old Turkey
260 _c1920
650 _aHISTORY
942 _hV591:1:K, F0
_cTEXL
_2CC
999 _c239299
_d239299